| 000 | 01076cam a2200169 4500500 | ||
|---|---|---|---|
| 005 | 20260208010853.0 | ||
| 041 | _afre | ||
| 042 | _adc | ||
| 100 | 1 | 0 |
_aLequan, Mai _eauthor |
| 245 | 0 | 0 | _aCatherine Malabou, Avant demain. Épigenèse et rationalité, Paris, Presses universitaires de France, 2014, 338 p., 21 €. |
| 260 | _c2015. | ||
| 500 | _a78 | ||
| 520 | _aL’histoire de la dénomination des chaires de « psychologie », ou impliquant cette discipline, au Collège de France apparaît comme un révélateur particulier de l’évolution de celle-ci dans le champ des sciences humaines et sociales. | ||
| 520 | _aThe history of the labelling of the Chairs in Psychology, or those involving that discipline, at the Collège de France sheds much light on the evolution of that subject within the field of the human and social sciences. | ||
| 786 | 0 | _nRevue philosophique de la France et de l'étranger | 140 | 2 | 2015-05-11 | p. 229v-283v | 0035-3833 | |
| 856 | 4 | 1 | _uhttps://shs.cairn.info/revue-philosophique-2015-2-page-229v?lang=fr&redirect-ssocas=7080 |
| 999 |
_c1658632 _d1658632 |
||